Multiple Choice City Quiz – Paris - Statistics

General Stats
  • This quiz has been taken 27,289 times
    27,216 since last reset
  • The average score is 7 of 10
Answer Stats
Question Answer % Correct
What river flows through Paris? Seine
95%
Who is Paris's main international airport named for? Charles de Gaulle
94%
What sport is played at Stade Roland Garros? Tennis
76%
Which of these is NOT a Parisian landmark?
74%
What are the 20 subdivisions of Paris called? Arrondissements
69%
What was the Roman name for Paris? Lutetia
68%
What country besieged and captured Paris in 1871? Prussia
67%
In what year did the construction of Notre-Dame de Paris begin? 1163
62%
Paris has hosted the Summer Olympics three times. What year was NOT one of them? 1980
62%
The motto of Paris is "Fluctuat nec mergitur". What does this mean? She is rocked by the waves, but does not sink
44%
No matching quizzes found
Score Distribution
Percent of People with Each Score
Percentile by Number Answered
Your Score History
You have not taken this quiz since the last reset